| 000 | 01727nam a2200265Ia 4500 | ||
|---|---|---|---|
| 003 | Ost | ||
| 005 | 20260507075314.0 | ||
| 008 | 260507s9999||||xx |||||||||||||| ||und|| | ||
| 020 | _a9789957118 | ||
| 040 | _cfsecg | ||
| 041 | _aara | ||
| 082 | _a343.087 | ||
| 100 |
_aالعنزي، زياد خليف شداخ _eمؤلف |
||
| 245 | 0 |
_aالمعاملات الالكترونية و القانون الدولي الخاص : _bالمشكلات و الحلول / _c زياد خليف شداخ العنزي |
|
| 260 |
_aعمان: _bدار وائل للنشر والتوزيع, _c2010 |
||
| 300 |
_a208 صفحة؛ _c25 سم |
||
| 504 | _aببليوغرافيا: ص.203-208 ملاحق ص.141 | ||
| 520 | _aالعقبات القانونية في الاتفاقيات الدولية أمام استخدام الوسائل الالكترونية المتعلقة باشراط الكتابة ، مدى ملاءمة اتفاقية البيع الدولي للبضائع ( فينا 1980) للتطبيق على المعاملات الالكترونية عبر الانترنيت، إزالة العقبات القانونية في الاتفاقيات الدولية أمام استخدام الوسائل الالكترونية، مدى ملاءمة قواعد الإستناد، قواعد الاستناد المتعلقة بالأشخاص، المتعلقة بالاموال و المتعلقة بالالتزامات التعاقدية و غير تعاقدية | ||
| 653 | _aالاتفاقيات الدولية | ||
| 653 | _aالعقود التجارية الدولية | ||
| 653 | _aالقانون الدولي | ||
| 653 | _aتجارة الكترونية | ||
| 653 | _aقوانين وأنظمة | ||
| 942 | _cكتاب | ||
| 999 |
_c43885 _d43885 |
||